• 首页
  • 本馆介绍
  • 公告通知
  • 最新文献
  • 馆藏检索
  • 电子资源
  • 读者导购
  • 参考咨询
  • 我的图书馆
  • 登录
  • 详细信息显示
  • 放入我的书架
  • 预约/预借图书
  • 作者相关作品
  • 分类相关作品
  • 丛书相关作品
  • 出版社相关作品

书目信息

  • 表格格式
  • 工作单格式
  • 卡片格式
书名: Understanding contemporary Latin America
作者: edited by Richard S. Hillman.
分册号:
分册名:
出版地: Boulder, Co. :
 
出版社: L. Rienner
出版时间: 2001.
页数: xv, 400 p. :
开本: 23 cm.
丛书名:
中图分类号:
科图分类号:
其他分类号: K973
主题词:
电子资源:
000 01141cam a22003134a 450
001 E0737703587
005 20070713102943.15
008 010119s2001 couab b 001 0 eng
010    @a2001019007
020    @a1555878571 (pbk. : alk. paper).
040    @aDLC@cDLC@dDLC
042    @apcc
043    @acl-----
050 00 @aF1408@b.U43 2001
082 00 @a980@2 21
090    @aK973
099    @dK973@ex63=2
245 00 @aUnderstanding contemporary Latin America / @cedited by Richard S. Hillman.
250    @a2nd ed.
260    @aBoulder, Co. :@bL. Rienner,@c2001.
300    @axv, 400 p. :@bill., maps. ;@c23 cm.
490 1  @aUnderstanding
504    @aIncludes bibliographical references and index.
651  0 @aLatin America.
700 1  @aHillman, Richard S.,@d1943-
830  0 @aUnderstanding (Boulder, Colo.)
906    @a7@bcbc@corignew@d1@eocip@f20@gy-gencatlg
925 0  @aacquire@b1 shelf copies@xpolicy default
955    @ato SSCD pc03 01-19-01; lc00 01-22-01; lc04 (desc.) 01-23-01; lc14 (subj.) 01-25-01; lc15 to Dewey 01-26-01;aa03 1-26-01@aps16 2001-08-28 bk rec’d, to CIP ver.@glc03 2002-01-08 to BCCD
    
    Understanding contemporary Latin America / / edited by Richard S. Hillman.-2nd ed.-Boulder, Co. : : L. Rienner, , 2001.
    xv, 400 p. : : ill., maps. ; ; 23 cm.- (Understanding )
    Includes bibliographical references and index.
    
    ISBN 1555878571 (pbk. : alk. paper).
    
●
相关链接 在E读中查询图书 在五车中查询图书 在当当中查询图书 在豆瓣中查询图书


正题名:Understanding contemporary Latin America     索取号:K973/x63=2         预约/预借

序号 登录号 条形码 馆藏地/架位号 状态 备注
1 0013230   300132309   第二样本阅览室/ [索取号:K973/x63=2] 在馆    
2 0013231   300132318   第四借阅区/ [索取号:K973/x63=2] 在馆    
唐山师范学院图书馆 欢迎您!
大连网信软件有限公司© 版权所有